Differencial'noje i integral'noje isčislenije

Salvato in:
Dettagli Bibliografici
Natura: Libro
Lingua:russo
Pubblicazione: Moskva Nauka 1988
Edizione:3. isprav. izd.
Serie:Vysšaja matematika
Tags: Aggiungi Tag
Nessun Tag, puoi essere il primo ad aggiungerne!!

MARC

LEADER 00000nam a2200000 4500
001 c033440
005 20260128073012.7
041 0 |a rus 
044 |a RU 
245 1 0 |a Differencial'noje i integral'noje isčislenije  |c Jakov Stepanovič Bugrov, Sergej Michajlovič Nikol'skij 
250 |a 3. isprav. izd. 
264 1 |a Moskva  |b Nauka  |c 1988 
300 |a 431 s. 
490 1 |a Vysšaja matematika 
830 0 |a Vysšaja matematika